00258nam a2200097Ia 4500008004000000082002000040100002200060245003300082260003700115300000800152210210b1962 xxu||||| |||| 00| 0 eng d a305.891411 MAHT aMAHER (Reginald). aThese are the anglo-indians. aCalcutta.bSwallow Press.,c1962 a110